000 00331nam a2200133Ia 4500
008 100328s9999 xx 000 0 und d
082 _b70712
100 _aतरवडे विजय.
245 _aयुग्म.
260 _bसायली.
630 _aयुग्म.
730 _aयुग्म.
942 _cBOOK
999 _c556437
_d556434